|
|
|
|
| LEADER |
00000cas a2200000 a 4500 |
| 001 |
vtls010301920 |
| 003 |
SK-MaSNL |
| 005 |
20260228162558.0 |
| 008 |
110810d19541959xo wr|p 0 b0slo |
| 040 |
|
|
|a SNK
|b slo
|c SNK
|e AACR2
|
| 041 |
0 |
|
|a slo
|
| 043 |
|
|
|a e-xo---
|
| 044 |
|
|
|a xo
|c SK
|
| 072 |
|
7 |
|a 63
|x Poľnohospodárstvo a príbuzné oblasti vedy a techniky
|2 konspekt
|
| 080 |
|
|
|a 316.728
|2 2001
|
| 080 |
|
|
|a 63
|2 2001
|
| 080 |
|
|
|a 050
|2 2001
|
| 245 |
0 |
0 |
|a Podsitnianska dedina
|b okresné roľnícke noviny
|
| 260 |
|
|
|a Banská Štiavnica
|b Pôdohospodársky odbor ONV v Banskej Štiavnici
|c 1954-1959
|
| 300 |
|
|
|a 6 roč.
|c 31-43 cm
|
| 310 |
|
|
|a 1x týždenne
|
| 362 |
0 |
|
|a Roč. IV, č. 31 (1954)-roč. IX, č. 52 (1959)
|
| 500 |
|
|
|a Od č. 28/(6. júl 1957) bez podnázvu,
|
| 500 |
|
|
|a Podnázov od č. 19/(28. apr. 1958): orgán Rady ONV v Banskej Štiavnici
|
| 500 |
|
|
|a Redaktori sa menia
|
| 500 |
|
|
|a Vyd. Pôdohospodársky odbor ONV v Banskej Štiavnici
|
| 500 |
|
|
|a Tlač. Pohronské tlačiarne, n. p., prev. vo Zvolene, od 16/VIII (13. apr. 1958) Tlačiarne Slov. národného povstania, n. p. v Martine, prev. vo Zvolene
|
| 500 |
|
|
|a Nadviazal na Podsitnianskeho družstevníka. Pokračoval pod názvom Podsitniansky obzor s novým číslovaním ročníkov ako okr. nov.
|
| 500 |
|
|
|a Povolené vydávanie pod č. j. 4888/52-IV /2 1952
|
| 650 |
0 |
7 |
|a poľnohospodárstvo
|2 SNKPH
|9 679
|
| 651 |
|
7 |
|a Banská Štiavnica (Slovensko)
|2 SNKPH
|9 16373
|
| 655 |
|
7 |
|a regionálne periodiká
|2 SNKPH
|9 131775
|
| 780 |
0 |
0 |
|t Podsitniansky družstevník
|w vtls010301921
|
| 785 |
0 |
0 |
|t Podsitniansky obzor
|w vtls010301922
|
| 910 |
|
|
|a snk
|
| 916 |
|
|
|a Od č. 31, 1954-1959
|
| 958 |
|
|
|a OND
|
| 999 |
|
|
|c 8077
|d 10007
|
| 952 |
|
|
|0 0
|1 0
|4 0
|7 0
|a SNK
|b SNK
|d 2015-07-09
|f 1
|i snkII. 2240/55
|l 0
|o snkČSB 746/4/1954
|p 17A1145855
|r 2026-02-21 19:35:06
|t č. 31-52
|w 2026-02-21
|y PREZ
|
| 952 |
|
|
|0 0
|1 0
|4 0
|7 0
|a SNK
|b SNK
|d 2003-12-15
|i snkČSP 580/57
|l 0
|o snkČSB 746/6/1956 D1
|p 17A0407560
|r 2005-01-02 00:00:00
|t P60, <06>, [ISSBD], {606}
|w 2026-02-21
|y PREZ
|
| 952 |
|
|
|0 0
|1 0
|3 rekatalogizácia
|4 0
|7 0
|a SNK
|b SNK
|d 2007-07-18
|f 1
|i snkČSP 467/58
|l 0
|o snkČSB 746/7/1957
|p 17A0553485
|r 2026-02-21 20:15:56
|t č. 1-53
|w 2026-02-21
|y PREZ
|
| 952 |
|
|
|0 0
|1 0
|3 rekatalogizácia
|4 0
|7 0
|a SNK
|b SNK
|d 2007-07-18
|f 1
|i snkČSP 245/56
|l 0
|o snkČSB 746/5/1955
|p 17A0553222
|r 2026-02-21 20:27:50
|t č. 1-48
|w 2026-02-21
|y PREZ
|
| 952 |
|
|
|0 0
|1 0
|3 rekatalogizácia
|4 0
|7 0
|a SNK
|b SNK
|d 2007-07-18
|f 1
|i snkČSP 579/57
|l 0
|o snkČSB 746/6/1956
|p 17A0553221
|r 2026-02-21 20:27:52
|t č. 1-50
|w 2026-02-21
|y PREZ
|
| 952 |
|
|
|0 0
|1 0
|3 rekatalogizácia
|4 0
|7 0
|a SNK
|b SNK
|d 2007-07-18
|f 1
|i snkČSP 489/59
|l 0
|o snkČSB 746/8/1958
|p 17A0553484
|r 2026-02-21 20:27:52
|t č. 1-53
|w 2026-02-21
|y PREZ
|
| 952 |
|
|
|0 0
|1 0
|3 rekatalogizácia
|4 0
|7 0
|a SNK
|b SNK
|d 2007-07-18
|f 1
|i snkČSP 1041/60
|l 0
|o snkČSB 746/9/1959
|p 17A0553220
|r 2026-02-21 20:29:03
|t č. 1-52
|w 2026-02-21
|y PREZ
|
| 952 |
|
|
|0 0
|1 0
|4 0
|7 0
|8 5
|a SNK
|b SNK
|d 2003-12-15
|i snkČSF 466/56
|l 0
|o snkČSB 746/5/1955 D1
|p 17A0407561
|r 2005-01-02 00:00:00
|t P60, <06>, [ISSBD], {606}
|w 2026-02-21
|y PREZ
|
| 952 |
|
|
|0 0
|1 0
|4 0
|7 0
|a SNK
|b SNK
|d 2003-12-15
|i snkČSP 468/58
|l 0
|o snkČSB 746/7/1957 D1
|p 17A0407664
|r 2005-01-02 00:00:00
|t P60, <06>, [ISSBD], {606}
|w 2026-02-21
|y PREZ
|
| 952 |
|
|
|0 0
|1 0
|4 0
|7 0
|a SNK
|b SNK
|d 2003-12-15
|i snkČSP 400/59
|l 0
|o snkČSB 746/8/1958 D1
|p 17A0407663
|r 2005-01-02 00:00:00
|t P60, <06>, [ISSBD], {606}
|w 2026-02-21
|y PREZ
|
| 952 |
|
|
|0 0
|1 0
|4 0
|7 0
|a SNK
|b SNK
|d 2003-12-15
|i snkČSP 1040/60
|l 0
|o snkČSB 746/9/1959 D1
|p 17A0407283
|r 2005-01-02 00:00:00
|t P60, <06>, [ISSBD], {606}
|w 2026-02-21
|y PREZ
|